000 00468nam a2200133 a 4500
008 120416s1970 ||||||||||||||||| || u
050 _aTS 155.4 Luc
100 _aLuck, Eddie
245 1 4 _aThe construction plant manager
260 _aLondon
_bTom Stacey
_c1970
300 _avii, 224p. : ill.
350 _a0.00
995 _D0.00
_FCBU-MAIN LIBRARY (Kitwe)
_H1
_I3.00
_UAVAILABLE
_ZMain Library Open Access Collection
999 _c38553
_d38553